| 000 | 00937nam a22003017a 4500 | ||
|---|---|---|---|
| 003 | CHAP | ||
| 005 | 20220329140836.0 | ||
| 008 | 971013s1986 r 00010 d | ||
| 010 | _a58469 | ||
| 011 | _a59441 | ||
| 035 | _a63599 | ||
| 040 | _cCHAP | ||
| 090 | _aFolleto 11424 | ||
| 100 | 0 | 0 |
_aSumberg, J. E. _9110639 |
| 245 | _aGliricidia sepium (Jacq) Stend : a selected bibliography | ||
| 260 |
_aAddis Ababa, Ethiopia : _bILCA, _c1986 |
||
| 300 | _a12 p. | ||
| 590 |
_aBATCH-UPD _b10 _c20130110 _lUCH01 _h0510 |
||
| 590 |
_aBATCH-UPD _b10 _c20130410 _lUCH01 _h1648 |
||
| 590 |
_aBATCH-UPD _b10 _c20130914 _lUCH01 _h1545 |
||
| 590 |
_aCONVERSION _b10 _c20130109 _lUCH01 _h1331 |
||
| 650 | 1 | 4 |
_aGliricidia sepium. _948290 |
| 650 | 1 | 4 |
_aLeguminosas _xBibliografía. _965814 |
| 710 | 0 |
_aInternational Livestock Centre for Africa. _959740 |
|
| 901 | _aBK | ||
| 942 | _cFOLL | ||
| 949 |
_aFolleto 11424 _bBC _cFOLL _d-136749 _eTS1 _i63599 _mD _si |
||
| 999 |
_c58469 _d58469 |
||